Juicios orales en materia familiar /

Contenido: 1) Generalidades del derecho familiar; 2) Generalidades del derecho procesal familiar; 3) Juicios orales en materia familiar; 4) Justicia oral y enseñanza del derecho.

Kaydedildi:
Detaylı Bibliyografya
Yazar: López Betancourt, Raúl Eduardo (autor)
Diğer Yazarlar: Fonseca Luján, Roberto (autor) (autor)
Materyal Türü: Kitap
Dil:İspanyolca
Baskı/Yayın Bilgisi: México : IURE, 2014, c2014
Seri Bilgileri:(Derecho Procesal Oral. Serie 2 ; 1)
Konular:
Etiketler: Etiketle
Etiket eklenmemiş, İlk siz ekleyin!

MARC

LEADER 00000nam^a2200000^a^4500
001 000351958
005 20250521000000.0
009 20260310115027.179
020 |a 978-607-616-030-5 
020 |a 978-607-616-029-9 
037 |a Acervo ITESO - Biblioteca 
041 |a ESP 
082 |a 347. 72076  |b ORA S. 2 V. 1 
100 |a López Betancourt, Raúl Eduardo  |e (autor) 
245 1 0 |a Juicios orales en materia familiar /  |c R.E. López Betancourt, R. Fonseca Luján. 
264 4 |a México :  |b IURE,  |c 2014, c2014 
300 |a XXI, 287 p. 
336 |a texto  |b txt  |2 rdacontenido 
337 |a sin mediación  |b n  |2 rdamedio 
338 |a volumen  |b nc  |2 rdasoporte 
440 1 |a (Derecho Procesal Oral.  |p Serie 2 ;  |v 1) 
520 |a Contenido: 1) Generalidades del derecho familiar; 2) Generalidades del derecho procesal familiar; 3) Juicios orales en materia familiar; 4) Justicia oral y enseñanza del derecho. 
649 |a XX 
650 |a Juicios Orales -  |x Estudio y Enseñanza 
650 |a Juicios Orales -  |z México -  |x Tema Principal 
650 |a Derecho Procesal Civil -  |z México -  |x Tema Principal 
650 |a Derecho Procesal -  |z México 
650 |a Derecho de Familia -  |z México -  |x Tema Principal 
650 |a Derecho Civil -  |z México 
650 |a Derecho Privado -  |z México 
650 |a México -  |x Condiciones Jurídicas 
700 |a Fonseca Luján, Roberto  |e (autor) 
910 |a Fondo General 
920 |a Impresos - Libros 
930 |a Colección General 
905 |a 101 
901 |a 0500243178  |b IT1  |c ACC  |i C146212  |u 20250521 
902 |a https://opac.biblio.iteso.mx/vufind/Record/000351958